00804nam a2200181 a 450000100100000000500170001000800410002704000250006808200150009310000250010824501000013326000320023330000350026559000760030070000430037695201860041999900170060500003504820200930074053.0111024s1955 ag ac 000 0 spa d aDO-SdBNPbspacBNPHU axxxbW337c1 aWatson, J. B.96068313aEl conductismo :bLa batalla del conductismo /cJ. B. Watson ; prólogo Emilio Mira y López. aArgentina :bPaidos,c1955. a326 p. :bil., retr. ;c21 cm. aPerteneció a la biblioteca personal de Juan Isidro Jimenes Grullón.1 aMira y López, Emilioepról.960684 001050718RVaGRbGRcCTd2011-10-24iLF1l0oxxx W337cp35048-10r2020-06-25w2020-06-25y1zPerteneció a la biblioteca personal de Juan Isidro Jimenes- GrullónZNo se presta c34539d34539